000 005360000a22002170004500
003 LK-CoMWRAF
005 20230923235350.0
008 230817t ||||| |||| 00| 0 eng d
020 _a189794067X
040 _aLK-CoMWRAF
_dLK-CoMWRAF
_eLK-CoMWRAF
041 _aeng
082 _a297.38
_bISH
100 _aIs'harc, Istafiah
245 _aIslam and its festivals
260 _aLondon :
_bTa-Ha publications,
_c1997
300 _a129p
650 _aHajj
650 _aIslam
650 _aFasts and feasts -- Islam
942 _cBK
999 _c1494
_d1494